[Event "SWE-ch"]
[Site "Linkoping"]
[Date "2001.07.10"]
[Round "9"]
[White "Hector, Jonny"]
[Black "Hillarp Persson, Tiger"]
[Result "1-0"]
[WhiteElo "2552"]
[BlackElo "2438"]
[Annotator "Ziegler,A"]
[PlyCount "119"]
[EventDate "2001.06.30"]
[EventType "tourn"]
[EventRounds "13"]
[EventCountry "SWE"]
[EventCategory "8"]
[SourceTitle "CBM 085"]
[Source "ChessBase"]
[SourceDate "2001.11.13"]
[SourceVersion "1"]
[SourceVersionDate "2001.11.13"]
[SourceQuality "1"]

1. e4 c5 2. Nf3 d6 3. d4 cxd4 4. Nxd4 Nf6 5. Nc3 Nc6 6. Bc4 Qb6 7. Nde2 (7.
Ndb5 {Är huvuddraget nuförtiden. På plats nr fyra kommer Sde2. Det är ofta så
att Jonny väljer dragen som finns tre fyra på listorna och specialiserar sig
på dem. En praktisk attityd.}) (7. Nb3 {Har spelats oftast.}) 7... e6 8. Bb3
Be7 9. O-O Bd7 ({Ett alternativ är:} 9... a6 10. Bg5 Qc7 {Följt av ett snabbt
b5, för att tvinga vit att oroa sig för sin e-bonde.}) 10. Bg5 Na5 {Löparparet
är värt mycket för en svartspelare i Sicilianskt, speciellt i de fall man kan
få det utan att behöva kompromettera bondestrukturen. Svart strategi är
ambitiös, men en sådan kostar ofta tid och tid är viktigt i öppningen.} ({
Tiger avviker från partiet Hector-Damljanovic från 1989!} 10... Qc5) 11. Qd3 a6
12. Rad1 Nxb3 13. axb3 {Jonny planerar att slå på f6 och tvinga Tiger att slå
med g-bonden.} Rd8 14. Bxf6 Bxf6 15. Qxd6 Qxd6 16. Rxd6 {Tiger väljer en
klassisk strategi. Han offrar d-bonden för att få dynamiskt spel med löparna.
Det hade varit säkrare om bonden stod kvar på a-linjen och svart hade kunnat
slå på c3 och ge vit en dubbelbonde på c-linjen. Nu kommer det inte gå lika
lätt. Svart har endast den rena dynamiken att lita på och inga statiska
kompensationer. Risken svart tar är lyckligtvis inte så stor eftersom vits
merbonde på damflygeln är svår att realisera.} Ke7 17. Rfd1 Bc6 18. Rxd8 Rxd8
19. Rxd8 Kxd8 {[#]} 20. f3 Be7 21. Kf2 Bc5+ 22. Ke1 {Om svart vill ha remi,
kan han bara vänta och se vad vit hittar på. Svart är mycket solid.} b5 {
Om löparna skall spela mot springarna gäller det att ta för sig. Springarna
skall passificeras, och berövas stödjepunkter.} 23. Kd2 g5 {Shereschevskij lär
oss annars att man skall avancera med flankbönderna när man har löparparet mot
springarparet.} ({Därför hade kanske:} 23... Bd6 {varit mer logiskt.} 24. g3 h5
{Om vi då tänker oss att Jonny hade fullföljt sin plan.} 25. Na2 g5 26. b4 h4 {
Men nu har svart en bonde mindra, så det går inte att följa mallen till punkt
och pricka.}) 24. Na2 {Jonny väljer att göra damflygeln statisk eftersom
springarna föredrar statiska ställningar.} g4 25. b4 Bd6 26. h3 gxh3 27. gxh3 {
Tiger siktar in sig på h3-bonden med kungen. Detta är stormästarens
kännetecken. Tiger har sett slutspelet mellan Cohn och Rubinstein, S:t
Petersburg 1909. Kanske var det därifrån han fick inspirationen.} Ke7 28. Ke3
Kf6 29. c3 Kg5 30. Kf2 Kh4 31. Kg2 Bd7 32. Nac1 e5 33. Ng1 Bc8 34. Nd3 f6 {
Svart har fått press mot h3, men priset är att bondestrukturen har blivit
statisk.} 35. Nf2 Bf8 36. Ng4 Bg7 37. Ne3 Bh6 38. Nd5 {[#] Jonny har visat hur
stormästarna gör med springarna. Helt plötsligt står en springare på ett
stödjefält i centrum. En bättre plats står inte att finna. Om vi summerar
händelserna från början av slutspelet kan vi se att vit har förbättrat sina
chanser.} Bg5 ({Man brukar säga att den som spelar på remi skall byta bönder
och den som spelar på vinst, pjäser. Därför skall man titta på varianter som:} 
38... Bc1 {Vit tar naturligtvis inte bonden.} 39. b3 (39. Nxf6 Bxb2 40. f4 {
Hotar matt:} Bxh3+ 41. Kh2 Bg4 42. fxe5 Bxc3 {Svart vinner.})) 39. b3 Be6 40.
f4 exf4 (40... Bxd5 41. exd5 Bxf4 42. d6 e4 43. d7 Bc7 44. Ne2 Kg5 45. Nd4 Kg6
46. Ne6 {Vit vinner.}) 41. Nf3+ Kh5 42. h4 Bh6 43. Nd4 Bc8 (43... Bg4 44. c4 (
44. Nxf6+ Kxh4 45. Nd5 Kg5 {Ger svart överlevnadschanser.}) 44... Kxh4 45. Nf3+
Bxf3+ 46. Kxf3 {Vit vinner.}) 44. Nxf6+ Kg6 45. Nd5 Kh5 46. Nf3 Bg7 47. Nxf4+
Kg4 48. Nd5 Bb7 49. Nd4 $2 (49. c4 {Vinner enligt Tiger.}) 49... Bxd4 50. cxd4
Kxh4 51. Nc3 Kg4 52. d5 Kf4 53. d6 Bc6 54. Nd5+ Ke5 55. Kf2 Ke6 56. Nf4+ Kxd6
57. Ke3 Be8 58. Nd3 {Ställningen är remi. Tiger har en kvart kvar, och Jonny
en minut.} Kc6 59. Kf4 Bf7 $4 {[#] SMs största groda hittills.} 60. Ne5+ 1-0